BSOP header

創世記(卷上): (Record no. 37720)

MARC details
000 -LEADER
fixed length control field 00731 am a2200241 4500
001 - CONTROL NUMBER
control field ocm317143385
003 - CONTROL NUMBER IDENTIFIER
control field LGV
005 - DATE AND TIME OF LATEST TRANSACTION
control field 20140826161303.0
008 - FIXED-LENGTH DATA ELEMENTS--GENERAL INFORMATION
fixed length control field 090326s2005 cc ab b 000 0 chi d
020 ## - INTERNATIONAL STANDARD BOOK NUMBER
International Standard Book Number 9789889760748
020 ## - INTERNATIONAL STANDARD BOOK NUMBER
International Standard Book Number 9889760746
040 ## - CATALOGING SOURCE
Transcribing agency CFT
Original cataloging agency LGV
Modifying agency LGV
050 #4 - LIBRARY OF CONGRESS CALL NUMBER
Classification number BS491.2
Item number .M53 2005
100 1# - MAIN ENTRY--PERSONAL NAME
Personal name 鄺炳釗.
9 (RLIN) 4225
245 10 - TITLE STATEMENT
Title 創世記(卷上):
Remainder of title 創造與拯救的上帝/
Statement of responsibility, etc 鄺炳劍著.
250 ## - EDITION STATEMENT
Edition statement 修訂版.
260 ## - PUBLICATION, DISTRIBUTION, ETC. (IMPRINT)
Place of publication, distribution, etc 香港:
Name of publisher, distributor, etc 明道社,
Date of publication, distribution, etc 2005.
300 ## - PHYSICAL DESCRIPTION
Extent xxv, 466 p.:
Other physical details ill., maps;
Dimensions 23 cm.
440 #0 - SERIES STATEMENT/ADDED ENTRY--TITLE
Title 明道研經叢書;
Volume number/sequential designation 1A
9 (RLIN) 4226
504 ## - BIBLIOGRAPHY, ETC. NOTE
Bibliography, etc Includes bibliographical references (p. 453-466).
630 00 - SUBJECT ADDED ENTRY--UNIFORM TITLE
Uniform title Bible.
Name of part/section of a work O.T.
-- Genesis I-XI
Form subdivision Commentaries.
9 (RLIN) 4227
942 ## - ADDED ENTRY ELEMENTS (KOHA)
Source of classification or shelving scheme Library of Congress Classification
Item type

No items available.

BSOP

Biblical Seminary of the Philippines
  All rights Reserved
  © 2024

CONTACT INFORMATION

Biblical Seminary of the Philippines,
  77-B Karuhatan Road, Valenzuela City,
  PHILIPPINES 1441
  Phone: +632 8292-6795 / 8292-6798
  Fax : +632 8292-6675
  Email: library@bsop.edu.ph